| 000 | 01821nam a2200289 a 4500 | ||
|---|---|---|---|
| 001 | 77799 | ||
| 003 | BD-RjUL | ||
| 005 | 20211209083028.0 | ||
| 008 | 210117s2003 ben||||| m||| 00| 0 bg d | ||
| 035 | _a(BD-RjUL)78025 | ||
| 040 |
_aBD-RjUL _bben /eng _cBD-RjUL _dBD-RjUL |
||
| 041 | _aben | ||
| 082 |
_a324.95492 _bNAB 2003 _223 |
||
| 100 |
_aনাসরীন, জুলিয়া _9243662 |
||
| 245 | 1 | 0 |
_aবাংলাদেশের রাজনীতিতে রাজনীতিবিদের দল পরিবর্তনের প্রবণতা : _bএকটি পর্যালোচনা / _cজুলিয়া নাসরীন ; _6গবেষণা তত্ত্বাবধায়ক : আমিনুর রহমান |
| 260 |
_aরাজশাহী : _bরাষ্ট্রবিজ্ঞান বিভাগ, রাজশাহী বিশ্ববিদ্যালয়, _c২০০৩ |
||
| 300 |
_aviii, ২৮১ পাতা ; _c২৯ সেমি. |
||
| 502 | _aথিসিস (এম. ফিল.) -- রাষ্ট্রবিজ্ঞান বিভাগ, রাজশাহী বিশ্ববিদ্যালয়, ২০০৩ | ||
| 504 | _aগ্রন্থপঞ্জী : পাতা [২৬৫]-২৮১ | ||
| 600 |
_c _9243892 |
||
| 650 |
_aরাজনৈতিক দলগুলো _xইতিহাস _zবাংলাদেশ _9243663 |
||
| 650 |
_aPolitical parties _xHistory _zBangladesh _9243664 |
||
| 651 |
_aবাংলাদেশ _xরাজনীতি ও সরকার _y১৯৭২-২০০১ _9243893 |
||
| 651 |
_aBangladesh _xPolitics and government _y1972-2001 _9243894 |
||
| 700 |
_aরহমান, আমিনুর, গবেষণা তত্ত্বাবধায়ক _9243665 |
||
| 942 |
_2ddc _cTHE |
||
| 999 |
_c77799 _d77799 |
||